Крупный корпоративный бизнес и экономика регионов России; Известия Томского политехнического университета [Известия ТПУ]; Т. 305, вып. 7 : Сибирь в евразийском пространстве
| Parent link: | Известия Томского политехнического университета [Известия ТПУ]/ Томский политехнический университет (ТПУ).— , 2000- Т. 305, вып. 7 : Сибирь в евразийском пространстве.— 2002.— [С. 224-228] |
|---|---|
| Auteur principal: | |
| Résumé: | Заглавие с титульного листа Электронная версия печатной публикации Освещены экономические реформы в Сибири, проводимые Правительством России. |
| Langue: | russe |
| Publié: |
2002
|
| Collection: | Из истории Томского политехнического университета |
| Sujets: | |
| Accès en ligne: | http://www.lib.tpu.ru/fulltext/v/Bulletin_TPU/2002/v305/i7/24.pdf |
| Format: | MixedMaterials Électronique Chapitre de livre |
| KOHA link: | https://koha.lib.tpu.ru/cgi-bin/koha/opac-detail.pl?biblionumber=166773 |
MARC
| LEADER | 00000nla2a2200000 4500 | ||
|---|---|---|---|
| 001 | 166773 | ||
| 005 | 20231031162558.0 | ||
| 035 | |a (RuTPU)RU\TPU\book\180903 | ||
| 035 | |a RU\TPU\book\180898 | ||
| 090 | |a 166773 | ||
| 100 | |a 20091007d2002 k y0rusy50 ca | ||
| 101 | 0 | |a rus | |
| 102 | |a RU | ||
| 135 | |a drnn ---uucaa | ||
| 200 | 1 | |a Крупный корпоративный бизнес и экономика регионов России |f З. Г. Антонова | |
| 215 | |a 1 файл (674 Кб) | ||
| 225 | 1 | |a Из истории Томского политехнического университета | |
| 230 | |a Электронные текстовые данные (1 файл : 674 Кб) | ||
| 300 | |a Заглавие с титульного листа | ||
| 300 | |a Электронная версия печатной публикации | ||
| 320 | |a [Библиогр.: с. 228 (3 назв.)] | ||
| 330 | |a Освещены экономические реформы в Сибири, проводимые Правительством России. | ||
| 337 | |a Adobe Reader | ||
| 461 | 1 | |0 (RuTPU)RU\TPU\book\176237 |t Известия Томского политехнического университета [Известия ТПУ] |f Томский политехнический университет (ТПУ) |d 2000- | |
| 463 | 1 | |0 (RuTPU)RU\TPU\book\180804 |t Т. 305, вып. 7 : Сибирь в евразийском пространстве |o тематический выпуск |f под ред. Л. И. Шерстовой |v [С. 224-228] |d 2002 |p 241 с. | |
| 610 | 1 | |a Сибирский регион | |
| 610 | 1 | |a корпоративный бизнес | |
| 610 | 1 | |a экономические реформы | |
| 610 | 1 | |a труды учёных ТПУ | |
| 610 | 1 | |a электронный ресурс | |
| 610 | 1 | |a Сибирь | |
| 610 | 1 | |a инвестиционный потенциал | |
| 610 | 1 | |a социальный потенциал | |
| 610 | 1 | |a финансово-промышленные группы | |
| 610 | 1 | |a корпоративный капитал | |
| 700 | 1 | |a Антонова |b З. Г. |c специалист в области экономики |c доцент Томского политехнического университета, кандидат экономических наук |f 1947- |g Зоя Георгиевна |2 stltpush |3 (RuTPU)RU\TPU\pers\25988 | |
| 801 | 1 | |a RU |b 63413507 |c 20090623 |g PSBO | |
| 801 | 2 | |a RU |b 63413507 |c 20210421 |g PSBO | |
| 856 | 4 | |u http://www.lib.tpu.ru/fulltext/v/Bulletin_TPU/2002/v305/i7/24.pdf | |
| 942 | |c CF | ||